| 000 | 00557cam a2200217 4500 | ||
|---|---|---|---|
| 001 | B3483 | ||
| 008 | 090401t1989 xxu||||| |||| 00| 0 eng d | ||
| 035 | _a(Sirsi) u56236 | ||
| 041 | _aeng | ||
| 050 | _a693.21 | ||
| 100 | _aSouthern, J.R. | ||
| 245 | _aBREMORTEST :a rapid method of testing fresh mortars for cement content | ||
| 260 |
_aGarston,Watford _c1989 |
||
| 300 | _a(4)p. : ill. ; 30cm. | ||
| 350 | _a0 | ||
| 490 |
_aBRE Information Paper _v8/89 |
||
| 650 | _aMORTAR | ||
| 650 | _aTESTING EQUIPMENT | ||
| 942 | _n0 | ||
| 948 | _c04/03/1997 | ||
| 999 |
_c93750 _d93750 |
||